Movies Quiz

Random Movies or Director Quiz
Score 0/60 Timer 08:00
2 Plays Today
% Correct
E.T. the Extra-Terrestrial
96.3%
Pulp Fiction
92.1%
Titanic
90.1%
Django Unchained
89.8%
Schindler's List
89.7%
Avatar
89.5%
A Clockwork Orange
89.3%
Jurassic Park
88.8%
Jaws
88.8%
Reservoir Dogs
88.3%
Saving Private Ryan
87.7%
LOTR: The Two Towers
87.6%
The Hobbit: An Unexpected Journey
86.3%
Annie Hall
86.1%
2001: A Space Odyssey
86%
Gran Torino
84.7%
Psycho
84.7%
The Dark Knight
84.7%
The Birds
83.8%
Million Dollar Baby
83.3%
Fargo
81.9%
Goodfellas
81.6%
Inception
81.1%
Vertigo
80.5%
Gangs of New York
79.3%
Dial M for Murder
79%
Rear Window
79%
Jackie Brown
78%
The Big Lebowski
77.9%
The Departed
77.9%
% Correct
The Shining
75.5%
King Kong
75.3%
No Country for Old Men
75.2%
The Terminator
74.4%
Full Metal Jacket
74.4%
Taxi Driver
74%
Unforgiven
73.6%
Manhattan
73.5%
Hannah and Her Sisters
73.2%
Memento
73%
Midnight in Paris
72.9%
JFK
71.8%
Aliens
71.8%
Platoon
70.3%
Letters from Iwo Jima
69.9%
The Prestige
68%
Raising Arizona
67.9%
Vicky Cristina Barcelona
67.3%
Death Proof
65.6%
Mystic River
64.7%
Natural Born Killers
60.8%
Wall Street
60.7%
Insomnia
59.7%
Any Given Sunday
58.1%
True Lies
56.9%
Heavenly Creatures
55.1%
The Lovely Bones
53.3%
Spartacus
51.9%
The Hudsucker Proxy
51.8%
The King of Comedy
45.6%
Remove Ads.
Support Sporcle.
Get the best of Sporcle when you Go Orange. This ad-free experience offers more features, more stats, and more fun while also helping to support Sporcle. Thank you for becoming a member.

You're not logged in!

Compare scores with friends on all Sporcle quizzes.
OR
Log In

Sporcle TV

Today on Sporcle TV


Watch our educational content, quiz creation guides, and fun videos on Sporcle TV.

Show Comments

Extras

Top Quizzes Today


Score Distribution

Paid Content

Your Account Isn't Verified!

In order to create a playlist on Sporcle, you need to verify the email address you used during registration. Go to your Sporcle Settings to finish the process.

Report this User

Report this user for behavior that violates our Community Guidelines.

Details: